000 00510nam a22001817a 4500
005 20251128114844.0
008 251125b |||||||| |||| 00| 0 eng d
020 _a978-81-19613-77-9
041 _aeng
082 _a615.53 GUP-T
100 _aGUPTA , PRINCE
_98820
245 _aTEXT BOOK OF HOSPITAL AND CLINICAL PHARMACY: FOR D PHARM [2ND YEAR]
250 _a1ST ED. 2024
260 _aNEW DELHI
_bINNOVATIVE PUBLICATIONS PVT LTD
_c2024
300 _a159;P
650 _aPHARMACY
_xD.PHARMA
942 _cBK
999 _c9002
_d9000